Прагматична спрямованість англомовної реклами компанії "Шанель" в Інтернеті (Запис № 283983)

МАРК-запис
000 -LEADER
fixed length control field 01378nam a22001577a 4500
041 ## - LANGUAGE CODE
Language code of text/sound track or separate title ukr
080 ## - UNIVERSAL DECIMAL CLASSIFICATION NUMBER
Universal Decimal Classification number 09
090 ## - LOCALLY ASSIGNED LC-TYPE CALL NUMBER (OCLC); LOCAL CALL NUMBER (OCLC)
Local cutter number (OCLC) ; Book number/undivided call number, CALL (RLIN) КОЛ
100 ## - MAIN ENTRY--PERSONAL NAME
Personal name Коломієць Н. М.
245 ## - TITLE STATEMENT
Title Прагматична спрямованість англомовної реклами компанії "Шанель" в Інтернеті
260 ## - PUBLICATION, DISTRIBUTION, ETC. (IMPRINT)
Place of publication, distribution, etc Острог
Name of publisher, distributor, etc КАФ
Date of publication, distribution, etc 2007
300 ## - PHYSICAL DESCRIPTION
Extent 55
520 ## - SUMMARY, ETC.
Summary, etc Вступ.<br/>Розділ 1. Роль англомовної реклами в Інтернеті.<br/>1.1. Види рекламних кампаній в Мережі.<br/>1.2. Критерії визначення відвідуваності та ефективності реклами в Інтернеті.<br/>1.3. Семантичні особливостірекламної комунікації.<br/>Розділ 2. Прагматичні особливості рекламних повідомлень на прикладі компанії "Шанель".<br/>2.1. Лексичні особливості рекламних текстів.<br/>2.2. Стилістичні особливості рекламних повідомлень.<br/>2.3. Вплив соціальних факторів на прагматичну спрямованість англомовної реклами.<br/>Висновки.
-- реклама, інтернет
650 ## - SUBJECT ADDED ENTRY--TOPICAL TERM
Topical term or geographic name as entry element Research Papers
942 ## - ADDED ENTRY ELEMENTS (KOHA)
Koha item type Книги
Фонди
Withdrawn status Lost status Source of classification or shelving scheme Damaged status Not for loan Home library Current library Date acquired Source of acquisition Cost, normal purchase price Total Checkouts Full call number Barcode Date last seen Price effective from Koha item type
    Universal Decimal Classification     ВІЛ - Відділ іноземн. літератури НБ ВІЛ - Відділ іноземн. літератури НБ 16/04/2009 Акт №1 1.00   09 213699 15/12/2021 16/04/2009 Книги